| 000 | 00864nam a22002175i 4500 | ||
|---|---|---|---|
| 001 | 163866 | ||
| 003 | ES-MaACL | ||
| 005 | 20250804062756.0 | ||
| 008 | 981218s1881 fr |||| | fre d | ||
| 040 |
_aCCPB | B _bspa _cCCPB | B |
||
| 100 | 1 |
_aRoisel, Godefroy de ( _d18..-19.) _9131995 |
|
| 245 | 1 | 3 |
_aLa substance _b: essai de philosophie rationnelle / _cpar Roisel. |
| 260 |
_aParis : _bLibrairie Germer Baillière et C\pie\s, _c1881. |
||
| 300 |
_aVIII, 173 p. ; _c18 cm. |
||
| 490 | 1 | _aBibliothèque de Philosophie Contemporaine | |
| 650 | 7 |
_aFilosofía _2embne _912802 |
|
| 752 |
_aFrancia - _dParís |
||
| 830 | 0 |
_aBibliothèque de Philosophie Contemporaine _9181027 |
|
| 852 |
_aES-MaACL _jF-11758 _z-- Enc. pasta española, conservando la cub. original _x-- Edic.: añadir en T260 (Coulommiers : Imprimerie Paul Brodard) |
||
| 999 |
_c163866 _d163866 |
||